000 02235cam a22005174i 4500
003 PE-LiUPU
005 20250731184511.0
008 161005s2001 r 000 0 spa d
020 _a9972755681
020 _a9789972755682
035 _a(Sirsi) a163991
040 _aPE-LiUPU
_bspa
_cPE-LiUPU
_erda
049 _aPRUA
082 0 4 _a985
_bB73
_221
100 1 _aBonfiglio, Giovanni,
_eautor.
245 1 3 _aLa presencia europea en el Perú /
_cGiovanni Bonfiglio.
264 _aLima :
_bFondo Editorial del Congreso del Perú,
_c2001.
300 _a381 páginas :
_billustraciones ;
_c21 centimetros
336 _atext
_2rdacontent
337 _aunmediated
_2rdamedia
338 _avolume
_2rdacarrier
500 _aBibliografía : página 381.
505 0 _aEl primer período de la inmigración europea al Perú -- El segundo período de la inmigración europea al Perú -- El tercer período de inmigración europea al Perú -- Aspectos demográficos de la presencia europea en el Perú -- La creación de Pozuzo -- Inmigración inglesia Brenda Harriman -- Inmigración Judía -- Presencia de los esclavos del sur -- Emigración suiza en el Perú -- Características de la inmigración italiana en el Perú.
526 _aP136
526 _aP135
526 _aP134
526 _aP133
526 _aP144
526 _aP143
526 _aP87
526 _aP35
526 _aP20
526 _aP14
526 _aP10
526 _aP06
651 7 _aEuropeos
_aPerú
_aHistoria.
651 7 _aImigrantes
_aPerú
_aHistoria.
653 7 _aPerú
_aHistoria.
910 _ajck
_bjos
_cjck
_d2016105
942 _2ddc
_cBOOK
949 _a985 B73
_wDEWEY
_c1
_i74746
_lCATALOGING
_mBUL
_p20.00
_r0
_sY
_tBOOK
_u2016-10-05
_xEDUCACION
_zEDUCACION
_0COMPRA
_o.CIRCNOTE. El documento es de alto precio.
_o.STAFF.Colección Ciencias Humanas y Educación
264 1 _a**REQUIRED FIELD**
596 _a1
999 _a985 B73
_wDEWEY
_c12847
_i74746
_d12847
_e2018-11-6
_f2021-11-9
_g5
_lCCODEBUL1
_mBUL
_n1
_p20.00
_q1
_r0
_sY
_tBOOK
_u2016-10-5
_xEDUCACION
_PP14
_0DONACION
_o.STAFF. Colección Ciencias Humanas y Educación
980 _81
_gALBERTO SANCHEZ Responsable de Automatización